000 00799cam a2200253u 4500
001 4920
003 BD-RjUL
005 20211208233958.0
008 131223s1958 enk 001 0 eng
035 _a(BD-RjUL)4955
040 _aDLC
_cCarP
_dDLC
_dBD-RjUL
_beng
041 _aeng
082 _221
_a346.4104
_bLAI 1958
100 1 _aLawson, F. H.
_q(Frederick Henry),
_d1897-
_915518
245 1 0 _aIntroduction to the law of property /
_cF H Lawson
260 _aOxford :
_bClarendon Press,
_c1958.
300 _a200 p. ;
_b22 cm.
504 _aIncludes index.
650 _aProperty
_zGreat Britain.
_915519
856 _uhttp://www.worldcat.org/title/introduction-to-the-law-of-property/oclc/576789&referer=brief_results
942 _2ddc
_cBK
999 _c4920
_d4920